| 000 | 01016cam a22003137a 4500 | ||
|---|---|---|---|
| 003 | CHAP | ||
| 005 | 20220329142529.0 | ||
| 008 | 010913s1981 mx r 00010 spa d | ||
| 010 | _a84612 | ||
| 011 | _a85584 | ||
| 035 | _a96118 | ||
| 040 | _cCHAP | ||
| 082 |
_a330.1 _bS55 1981 |
||
| 100 | 0 | 0 |
_aSmith, Adam. _9106946 |
| 245 | 0 | _aInvestigación sobre la naturaleza y causas de la riqueza de las naciones | |
| 250 | _a5 ed. | ||
| 260 |
_aMéxico, D. F. : _bCruz O, _c1981. |
||
| 500 | _aLa biblioteca tiene : v.1, v.2 | ||
| 590 |
_aBATCH-UPD _b10 _c20130110 _lUCH01 _h1839 |
||
| 590 |
_aBATCH-UPD _b10 _c20130410 _lUCH01 _h1210 |
||
| 590 |
_aBATCH-UPD _b10 _c20130914 _lUCH01 _h1232 |
||
| 590 |
_aCONVERSION _b10 _c20130109 _lUCH01 _h1347 |
||
| 650 | 1 | 4 |
_aEconomía. _935226 |
| 901 | _aBK | ||
| 905 | _aMayto Villalobos S. | ||
| 942 | _cLIBRO | ||
| 949 |
_a330.1 S55 1981 v.1 _bBC _cLIBRO _d33724000625414 _eLIBRO _h100045 _i96118 _si |
||
| 949 |
_a330.1 S55 1981 v.2 _bBC _cLIBRO _d33724000625406 _eLIBRO _h100046 _i96118 _si |
||
| 999 |
_c84612 _d84612 |
||